| 000 | 01770cab a2200289 4500 | ||
|---|---|---|---|
| 001 | X83466 | ||
| 008 | 090401t1998 xxu||||| |||| 00| 0 eng d | ||
| 035 | _a(Sirsi) u83466 | ||
| 041 | _aeng | ||
| 245 | _aRamsey v SOS Environment and Suffolk Coastal DC | ||
| 260 | _c1998 | ||
| 350 | _a0 | ||
| 490 |
_aJournal of Planning and Environment Law _v[1998] JPL 60-70(11) |
||
| 520 | _aQBD 10 January 1997. Planning permission was refused for the permanent use of a site for motorcycle scrambling purposes. As use of the land was evidently taking place, enforcement notices were served alleging a material change of use from agriculture. The use continued, the applicants claiming the benefit of permitted development rights. Following court proceddings to enforce the notices, the applicants informed the court that use had ceased. The land retained the physical features of use on a permanent basis. The applicants maintained that temporary use rights remained despite the enforcement notices but the council disagreed. The applicants applied for a certificate of lawful use under Town and Country Planning Act 1990 s192 for use not exceeding 28 days per calendar year. The certificate was refused. At appeal the inspector claimed that use had been permanent. The applicants appealed to the High Court. Application dismissed. | ||
| 650 | _aCERTIFICATE OF LAWFUL USE | ||
| 650 | _aCHANGE OF USE | ||
| 650 | _aENFORCEMENT NOTICES | ||
| 650 | _aMATERIAL CHANGE OF USE | ||
| 650 | _aMOTORCYCLE SCRAMBLING | ||
| 650 | _aPERMITTED DEVELOPMENT RIGHTS | ||
| 650 | _aPLANNING PERMISSION | ||
| 650 | _aTEMPORARY USE | ||
| 650 | _aTOWN AND COUNTRY PLANNING ACT 1990 | ||
| 690 | _aPLANNING LAW AND PRACTICE-CASE LAW | ||
| 942 | _n0 | ||
| 948 | _c02/02/1998 | ||
| 999 |
_c52716 _d52716 |
||